[Event "83rd ESP-ch Women-ch 2018"]
[Site "Linares"]
[Date "2018.08.28"]
[Round "9"]
[White "Blazquez Gomez, Miguel"]
[Black "Rascon Jato, Daniel"]
[Result "1-0"]
[WhiteElo "1998"]
[BlackElo "1849"]
[Annotator "NA RC"]
[PlyCount "91"]
[EventDate "2018.08.09"]
[EventType "tourn"]
[EventCountry "ESP"]
[SourceTitle "playchess.com"]
[Source "ChessBase"]
[SourceQuality "1"]
[TimeControl "40/5400+30:1800+30"]

{[%evp 11,90,41,29,32767,32767,32767,32767,68,124,79,187,158,156,113,222,220,32767,226,219,222,224,192,207,189,232,32767,219,32767,220,173,169,175,32767,32767,145,140,158,156,32767,32767,32767,264,242,32767,32767,32767,32767,32767,32767,32767,32767,32767,32767,32767,275,261,32767,32767,32767,32767,32767,32767,32767,32767,32767,32767,32767,593,32767,32767,32767,32767,32767,6079,32767,32767,29975,12842,29985,29987,29999]} 1. b3 {[%emt 0:00:00]} e5 {[%emt 0:00:00]} 2. Bb2 {[%emt 0:00:00]} f6 {[%emt 0:00:00]} 3. e4 {[%emt 0:00:18]} d6 {[%emt 0:01:21]} 4. Bc4 {[%emt 0:01:11]} Ne7 {[%emt 0:01:51]} 5. Nf3 {[%emt 0:02:23]} Nbc6 {[%emt 0:03:13]} 6. h3 {[%emt 0:10:25]} Na5 {[%emt 0:03:47]} 7. Be2 {[%emt 0:01:28]} c5 {[%emt 0:00:14]} 8. c3 {[%emt 0:03:55]} Nac6 {[%emt 0:03:35] [#]} 9. d4 $1 {[%emt 0:06:19]} Qc7 {[%emt 0:00:07]} (9... f5 $14) 10. O-O {[%emt 0:06:14]} g6 {[%emt 0:02:11]} (10... Ng6 $16 {was necessary.} 11. Na3 Nf4) 11. Na3 {[%emt 0:04:43]} a6 {[%emt 0:00:35]} 12. Nc4 {[%emt 0:00:39]} Ng8 {[%emt 0:07:04]} (12... Bg7 $16 {is a better defense.} 13. Ba3 b6) 13. a4 {[%emt 0:05:50]} Nh6 {[%emt 0:02:15]} 14. a5 {[%emt 0:01:48]} Rb8 {[%emt 0:00:50]} 15. b4 {[%emt 0:18:15]} Nf7 {[%emt 0:08:12]} 16. d5 {[%emt 0:03:25]} Na7 {[%emt 0:04:19]} 17. Nb6 {[%emt 0:01:44]} Be7 {[%emt 0:01:21]} (17... cxb4 {was worth a try.} 18. Qa4+ (18. cxb4 Bd7 $16) 18... Bd7 19. Qxb4 (19. Nxd7 Qxd7 20. Qxb4 Qc7 $18) 19... Bh6 20. Nxd7 Kxd7) 18. Nd2 {[%emt 0:04:20]} O-O {[%emt 0:01:11]} 19. bxc5 {[%emt 0:03:57]} Qxc5 {[%emt 0:06:58]} 20. Ba3 {[%emt 0:00:17]} Qc7 {[%emt 0:01:15]} 21. c4 {[%emt 0:00:28]} Bd7 {[%emt 0:05:53]} 22. Rc1 {[%emt 0:04:21]} Nc8 {[%emt 0:09:03]} 23. Nxd7 {[%emt 0:00:27]} Qxd7 {[%emt 0:00:06]} 24. Nb3 {[%emt 0:01:04]} Na7 {[%emt 0:03:01]} 25. Qd3 {[%emt 0:02:50]} b5 {[%emt 0:17:34]} 26. axb6 {[%emt 0:00:10]} Rxb6 {[%emt 0:00:11]} 27. c5 {[%emt 0:00:20]} dxc5 {[%emt 0:00:46]} 28. Bxc5 {[%emt 0:00:18]} Bxc5 {[%emt 0:01:17]} 29. Nxc5 {[%emt 0:00:02]} Qd6 {[%emt 0:02:11]} 30. Nxa6 {[%emt 0:00:44]} Nb5 {[%emt 0:00:47]} 31. Rc6 {[%emt 0:01:54]} Rxc6 {[%emt 0:00:04]} 32. dxc6 {[%emt 0:00:01]} Nd4 {[%emt 0:02:15]} 33. Rc1 {[%emt 0:00:28]} Nd8 {[%emt 0:05:04]} 34. c7 {[%emt 0:00:38]} N8c6 {[%emt 0:00:05]} 35. Qc4+ {[%emt 0:02:49]} Kg7 {[%emt 0:00:07]} 36. Bg4 {[%emt 0:00:57]} f5 {[%emt 0:00:25]} 37. exf5 {[%emt 0:00:27]} gxf5 {[%emt 0:00:01]} 38. Bxf5 {[%emt 0:02:36]} Qa3 {[%emt 0:02:14]} 39. Kh2 {[%emt 0:02:22]} Qb2 {[%emt 0:05:10]} 40. Rc3 {[%emt 0:04:08]} Qxf2 {[%emt 0:01:15]} 41. Rg3+ {[%emt 0:30:41]} Kf6 {[%emt 0:30:45]} 42. c8=Q {[%emt 0:02:22]} Rxc8 {[%emt 0:00:01]} 43. Bxc8 {[%emt 0:00:01]} Qf4 {[%emt 0:00:52]} 44. Qg8 $18 {[%emt 0:00:52]} Ke7 {[%emt 0:01:50]} 45. Qxh7+ {[%emt 0:00:16]} Kd6 {[%emt 0:00:07]} 46. Qd7# {Ke7} 1-0

[Event "83rd ESP-ch Women-ch 2018"]
[Site "Linares"]
[Date "2018.08.28"]
[Round "9"]
[White "Diaz Rodriguez, Jose Antonio"]
[Black "De la Pena Garcia, Blanca"]
[Result "0-1"]
[WhiteElo "1991"]
[BlackElo "1811"]
[Annotator "NA RC"]
[PlyCount "52"]
[EventDate "2018.08.09"]
[EventType "tourn"]
[EventCountry "ESP"]
[SourceTitle "playchess.com"]
[Source "ChessBase"]
[SourceQuality "1"]
[TimeControl "40/5400+30:1800+30"]

1. e4 {[%emt 0:00:00]} c5 {[%emt 0:00:26]} 2. Nf3 {[%emt 0:00:07]} d6 {[%emt 0:00:10]} 3. c3 {[%emt 0:00:09]} Nf6 {[%emt 0:00:43]} 4. h3 {[%emt 0:00:01]} g6 {[%emt 0:00:19]} 5. Bc4 {[%emt 0:02:28] B50: Sicilian: 2...d6, Miscellaneous} Bg7 {[%emt 0:00:42]} 6. O-O {[%emt 0:00:16]} O-O {[%emt 0:00:12]} 7. Qe2 {[%emt 0:00:25]} Nc6 {[%emt 0:01:05]} 8. a4 $146 {[%emt 0:02:11]} ({Predecessor:} 8. d3 Nd7 9. Be3 Na5 10. Bb5 a6 11. Ba4 b5 12. Bc2 {½-½ (40) Mammadov,Z (2442)-Mchedlishvili,M (2652) Baku 2012}) 8... a6 {[%emt 0:02:25]} 9. Re1 {[%emt 0:00:59]} Nd7 {[%emt 0:02:01]} 10. Na3 {[%emt 0:03:05]} b6 {[%emt 0:06:26]} 11. Nc2 {[%emt 0:01:35]} Bb7 {[%emt 0:01:39]} 12. d4 {[%emt 0:04:03]} cxd4 {[%emt 0:00:06]} 13. cxd4 {[%emt 0:00:25]} e5 {[%emt 0:10:14]} 14. Bd5 {[%emt 0:19:03]} (14. Bg5 $14 Qc7 15. Rac1) 14... Nxd4 {[%emt 0:00:11]} 15. Nfxd4 {[%emt 0:03:33]} (15. Ncxd4 $15 Bxd5 16. exd5 exd4 17. Bg5) 15... Bxd5 {[%emt 0:01:43]} 16. exd5 {[%emt 0:00:07]} exd4 {[%emt 0:02:47]} 17. Nb4 {[%emt 0:01:30]} Nc5 {[%emt 0:11:15]} 18. Bf4 {[%emt 0:02:47]} Qf6 {[%emt 0:06:29]} 19. Bg3 a5 20. Nc6 {[%emt 0:03:26]} d3 {[%emt 0:04:43]} 21. Qd1 {[%emt 0:07:53]} (21. Qf3 $142 Rfe8 22. Qxf6 Bxf6 23. Rf1) 21... Rfe8 {[%emt 0:03:40]} 22. Rxe8+ {[%emt 0:07:06]} Rxe8 {[%emt 0:00:25]} 23. Rb1 {[%emt 0:00:20]} Bh6 {[%emt 0:04:00]} 24. b4 {[%emt 0:01:16]} axb4 $19 {[%emt 0:00:30]} 25. Nxb4 {[%emt 0:00:43]} d2 {[%emt 0:07:24]} 26. Nc2 Nxa4 0-1

[Event "83rd ESP-ch Women-ch 2018"]
[Site "Linares"]
[Date "2018.08.28"]
[Round "9"]
[White "Antunez Munoz, Ines"]
[Black "Arroyo Rodriguez, Jesus"]
[Result "0-1"]
[WhiteElo "1956"]
[BlackElo "2099"]
[Annotator "NA RC"]
[PlyCount "112"]
[EventDate "2018.08.09"]
[EventType "tourn"]
[EventCountry "ESP"]
[SourceTitle "playchess.com"]
[Source "ChessBase"]
[SourceQuality "1"]
[TimeControl "40/5400+30:1800+30"]

{[%evp 11,110,22,25,32767,17,4,32767,32,32,25,32767,32767,35,20,40,31,41,50,49,35,76,32767,132,139,154,83,99,105,131,93,176,173,160,32767,32767,32767,32767,32767,32767,32767,32767,32767,240,32767,32767,32767,32767,32767,32767,32767,32767,32767,32767,32767,210,32767,214,188,198,250,219,235,32767,32767,32767,32767,32767,32767,32767,32767,32767,32767,32767,32767,32767,32767,32767,32767,32767,32767,32767,32767,32767,32767,32767,-625,-885,32767,-29970,-29954,-29972,-29963,-29977,-29970,-29975,-29979,-29980,-29981,-29981,-29982,-29984]} 1. e4 {[%emt 0:00:11]} c5 {[%emt 0:02:49]} 2. Nf3 {[%emt 0:00:33]} Nc6 {[%emt 0:00:09]} 3. Bb5 {[%emt 0:01:15]} g6 {[%emt 0:00:30]} 4. O-O {[%emt 0:00:51]} Bg7 {[%emt 0:00:14]} 5. Bxc6 {[%emt 0:00:25]} dxc6 {[%emt 0:03:09]} 6. d3 {[%emt 0:02:56] LiveBook: 350 Partien} Nf6 {[%emt 0:00:19]} 7. Nc3 {[%emt 0:01:16]} O-O {[%emt 0:00:08] B31: Sicilian: 2...Nc6 3 Bb5 g6} 8. Bg5 {[%emt 0:01:40]} (8. a4 a5 9. h3 b6 10. Be3 Ne8 11. Qd2 e5 12. Bh6 f6 13. Nh2 Ra7 14. Kh1 g5 15. Bxg7 Nxg7 16. Ne2 h5 17. h4 Ne6 18. g3 f5 19. exf5 Rxf5 20. hxg5 Nxg5 {½-½ (29) Negi,P (2670)-Frhat,A (2402) Khanty-Mansiysk 2017}) 8... h6 {[%emt 0:00:43]} 9. Be3 {[%emt 0:03:10]} b6 {[%emt 0:03:11]} 10. h3 {[%emt 0:01:09]} Qc7 $146 {[%emt 0:05:24]} ({Predecessor:} 10... Nd7 11. Qd2 Kh7 12. e5 Nxe5 13. Nxe5 Bxe5 14. Bxh6 Rh8 15. Bf4 {½-½ (89) Nieto,G (1907)-Munoz,J (2181) Bogota 2012}) 11. Qd2 {[%emt 0:01:35]} g5 {[%emt 0:00:43]} 12. Ne2 {[%emt 0:11:34]} Rd8 {[%emt 0:15:23]} 13. Ng3 {[%emt 0:02:29]} c4 {[%emt 0:01:52]} 14. d4 {[%emt 0:13:58]} c5 {[%emt 0:12:03]} 15. c3 {[%emt 0:18:28]} Qb7 {[%emt 0:01:24]} 16. Qc2 {[%emt 0:02:23]} g4 {[%emt 0:00:59]} 17. hxg4 {[%emt 0:05:02]} Nxg4 {[%emt 0:02:08]} 18. Rad1 {[%emt 0:02:47]} Nxe3 {[%emt 0:01:13]} 19. fxe3 {[%emt 0:00:06]} Bg4 {[%emt 0:01:05]} 20. Qf2 {[%emt 0:01:57]} e6 {[%emt 0:00:39]} (20... Rf8 $16) 21. Rd2 {[%emt 0:04:09]} f5 {[%emt 0:12:29]} 22. Nh2 {[%emt 0:04:12]} Rf8 {[%emt 0:00:38]} 23. Qf4 {[%emt 0:03:29]} h5 {[%emt 0:01:39]} 24. Nxg4 {[%emt 0:05:42]} fxg4 {[%emt 0:07:48]} 25. Qg5 {[%emt 0:00:58]} cxd4 {[%emt 0:08:34]} 26. exd4 {[%emt 0:02:19]} Rxf1+ {[%emt 0:02:13]} 27. Kxf1 {[%emt 0:00:14]} Rf8+ {[%emt 0:02:09]} 28. Rf2 {[%emt 0:04:12]} Rxf2+ {[%emt 0:00:31]} 29. Kxf2 {[%emt 0:00:03]} Qf7+ {[%emt 0:00:44]} 30. Ke2 {[%emt 0:02:12]} h4 {[%emt 0:00:42]} 31. Qxh4 {[%emt 0:02:35]} Qg6 {[%emt 0:00:34]} 32. Qh5 {[%emt 0:00:45]} Kf7 {[%emt 0:00:26]} 33. Qb5 {[%emt 0:00:57]} Bh6 {[%emt 0:00:43]} 34. Qd7+ {[%emt 0:00:46]} Kg8 {[%emt 0:00:56]} 35. Qc8+ {[%emt 0:00:21]} ({Not} 35. Qxa7 Qg5 $16) 35... Kf7 {[%emt 0:00:27]} 36. Qc7+ {[%emt 0:00:29]} ({Weaker is} 36. Qxc4 Qg5 $16) 36... Kg8 {[%emt 0:00:12]} 37. Qxc4 {[%emt 0:00:42]} Bf4 {[%emt 0:00:35]} 38. Qc8+ {[%emt 0:00:25]} Kg7 {[%emt 0:01:14]} 39. Qd7+ {[%emt 0:00:27]} Kh6 {[%emt 0:00:09]} 40. Nf1 {[%emt 0:00:45]} Qxe4+ {[%emt 0:00:18]} 41. Kd1 {[%emt 0:30:29]} Qb1+ {[%emt 0:32:23]} 42. Ke2 {[%emt 0:00:10]} Qxb2+ {[%emt 0:01:54]} 43. Kd1 {[%emt 0:00:12]} Qc1+ {[%emt 0:00:39]} 44. Ke2 {[%emt 0:00:08]} Qc2+ {[%emt 0:00:13]} 45. Ke1 {[%emt 0:00:35]} Qxc3+ {[%emt 0:00:17]} 46. Kd1 {[%emt 0:00:29]} Qa1+ {[%emt 0:00:32]} 47. Ke2 {[%emt 0:00:18]} Qxa2+ {[%emt 0:00:11]} 48. Ke1 {[%emt 0:00:30]} g3 {[%emt 0:00:31]} 49. Qb5 {[%emt 0:01:30]} Qa5+ {[%emt 0:01:28]} 50. Qxa5 {[%emt 0:00:07]} bxa5 {[%emt 0:00:02]} 51. Ke2 {[%emt 0:00:47]} Kg5 {[%emt 0:00:44]} 52. Kd3 {[%emt 0:00:11]} Kf5 {[%emt 0:00:18]} 53. Kc4 {[%emt 0:00:44]} Ke4 {[%emt 0:00:14]} 54. Kc3 {[%emt 0:00:11]} a4 {[%emt 0:00:11]} 55. Kb4 {[%emt 0:00:25]} Kxd4 {[%emt 0:00:10]} 56. Kxa4 {[%emt 0:00:51]} Kd3 {[%emt 0:00:06]} 0-1

[Event "83rd ESP-ch Women-ch 2018"]
[Site "Linares"]
[Date "2018.08.28"]
[Round "9"]
[White "Rodriguez del Cerro, Ricardo"]
[Black "Esquivias Quintero, Luis Manuel"]
[Result "0-1"]
[WhiteElo "1953"]
[BlackElo "2260"]
[Annotator "TA"]
[PlyCount "68"]
[EventDate "2018.08.09"]
[EventType "tourn"]
[EventCountry "ESP"]
[SourceTitle "playchess.com"]
[Source "ChessBase"]
[SourceQuality "1"]

{[%evp 17,67,-141,-139,-132,-128,-127,-142,-148,-47,-93,-112,-200,-200,-202,-66,-62,-69,-72,-70,-67,-66,-61,-55,-122,-125,-124,-124,-148,-148,-148,-150,-140,-142,-153,-139,-304,-312,-277,-198,-194,-172,-225,-210,-237,-187,-202,-188,-466,-449,-580,-568,-29999]} 1. c4 c5 2. Nc3 g6 3. g3 Bg7 4. Bg2 Nc6 5. a3 e6 6. b4 Nxb4 7. axb4 cxb4 8. Nb5 {A36: Symmetrical English vs ...g6: 4 Bg2 Bg7} Bxa1 9. Qa4 Bf6 {LiveBook: 6 Games} 10. Nd6+ {Black is clearly better.} Kf8 {...a5 is the strong threat.} 11. Qxb4 Be7 $146 ({Predecessor:} 11... Qb6 12. Qa3 Ne7 13. Nh3 a5 14. O-O Qb4 15. Qf3 Qxd6 16. Qxf6 Rg8 17. Ng5 {1-0 (17) Miezis,N (2574)-Norri,J (2338) Finland 2012}) 12. c5 Rb8 (12... f6 $17 13. h4 a5) 13. Qf4 {[%csl Gd6][%cal Rf4f7] [#]} f6 $1 14. Nf7 (14. Nf3 $17 {might work better.}) 14... Kxf7 $19 15. Qxb8 Qa5 (15... Bxc5 $19 {White must now prevent ...Ne7.} 16. Nf3 Ne7) 16. Qxc8 $15 Qa1 {[%cal Ra1c1]} 17. e3 {Threatens to win with Ne2.} Qxc1+ 18. Ke2 Qc4+ ({Reject} 18... Bxc5 $6 19. Bxb7 Kg7 20. Qxd7+ Ne7 21. d4 $11) 19. Ke1 Qxc5 20. Qxc5 (20. Qxd7 $15 Nh6 21. Ne2) 20... Bxc5 $17 21. Bxb7 Ne7 22. Nf3 Rb8 23. Be4 d5 24. Bc2 Rb2 25. Kd1 Nc6 {aiming for ...Nb4.} 26. Re1 $2 {[#]} (26. Ne1 $17) 26... Nb4 $1 $19 {[%cal Rb4c2]} 27. Ba4 Nd3 {And now ...Ra2 would win.} 28. Rf1 e5 29. Ne1 (29. Ke2 $142 e4 30. Nd4) 29... e4 30. f3 Ke6 31. fxe4 dxe4 {[%cal Bd5e4,Be4d3][%mdl 32]} 32. Bc2 $2 (32. Ke2) 32... Bb4 33. Bxd3 exd3 {[%cal Rb2b1]} 34. Rf4 Rb1# {Precision: White = 24%, Black = 68%.} 0-1

[Event "83rd ESP-ch Women-ch 2018"]
[Site "Linares"]
[Date "2018.08.28"]
[Round "9"]
[White "Ortin Blanco, Ainhoa"]
[Black "Gil Quilez, Sonia"]
[Result "1-0"]
[WhiteElo "1951"]
[BlackElo "2066"]
[Annotator "NA RC"]
[PlyCount "173"]
[EventDate "2018.08.09"]
[EventType "tourn"]
[EventCountry "ESP"]
[SourceTitle "playchess.com"]
[Source "ChessBase"]
[SourceQuality "1"]
[TimeControl "40/5400+30:1800+30"]

{[%evp 13,172,6,32767,20,32767,32767,32767,19,19,22,22,32767,32767,15,32767,8,7,18,15,10,18,0,32767,18,10,8,18,32767,0,0,0,49,44,47,34,0,32767,16,32767,32767,32767,0,26,45,32767,32767,32767,32767,32767,32767,32767,32767,32767,110,32767,32767,32767,32767,32767,32767,32767,32767,32767,32767,32767,32767,32767,32767,32767,32767,32767,32767,32767,32767,22,0,39,0,32767,32767,32767,46,139,0,0,32767,32767,32767,32767,32767,32767,32767,32767,32767,32767,32767,32767,32767,0,0,0,0,0,0,0,9,58,19,66,63,61,45,117,0,0,0,0,0,101,0,7,0,10,0,0,0,12,13,13,14,12,0,7,0,20,14,1092,2126,1357,1566,2725,6520,12835,5531,29969,11420,5314,29974,29974,12836,4134,6456,29979,29976,29974,29978,12845,29979,29977,29980,29981]} 1. d4 {[%emt 0:00:00]} d5 {[%emt 0:00:00]} 2. Nf3 {[%emt 0:00:19]} Nf6 {[%emt 0:00:29]} 3. e3 {[%emt 0:00:14]} e6 {[%emt 0:00:46]} 4. Bd3 {[%emt 0:00:20]} c5 {[%emt 0:01:16]} 5. b3 {[%emt 0:00:44]} cxd4 {[%emt 0:01:37]} 6. exd4 {[%emt 0:00:35]} Nc6 {[%emt 0:01:52]} 7. O-O {[%emt 0:04:36]} h6 {[%emt 0:01:39] D05: Damenbauernspiele (Colle-Aufbau)} (7... Be7 8. Bb2 O-O 9. Nbd2 b6 10. a3 Bb7 11. Qe2 Rc8 12. Rfe1 Rc7 13. Rac1 Qa8 14. Ng5 h6 15. Ngf3 Rd8 16. b4 Bf8 17. Ne5 a5 18. c3 Nxe5 19. dxe5 Ne4 {1-0 (82) Markus,R (2649)-Jovanovic,Z (2526) Hungary 2016}) 8. a3 {[%emt 0:00:49]} Bd6 {[%emt 0:01:20]} 9. Bb2 {[%emt 0:00:29]} O-O {[%emt 0:00:54]} 10. Re1 {[%emt 0:00:48]} b6 $146 {[%emt 0:03:28]} ({Vorgänger:} 10... Ne8 11. c4 Bc7 12. Nc3 a6 13. Bc2 f5 14. cxd5 exd5 15. b4 Nf6 {1-0 (34) Corkett,A (2314)-Morris,C (2225) West Bromwich 2003}) 11. Nbd2 {[%emt 0:01:17]} Bb7 {[%emt 0:01:04]} 12. h3 {[%emt 0:01:32]} a5 {[%emt 0:01:51]} 13. Ne5 {[%emt 0:00:40]} Ne7 {[%emt 0:02:59]} 14. Qe2 {[%emt 0:00:48]} Rc8 {[%emt 0:03:42]} 15. Rac1 {[%emt 0:01:31]} Nf5 {[%emt 0:06:49]} 16. Qf3 {[%emt 0:13:23]} Nh4 {[%emt 0:05:14]} 17. Qe2 {[%emt 0:02:11]} Bb8 {[%emt 0:04:19]} 18. c3 {[%emt 0:02:04]} Nf5 {[%emt 0:05:25]} 19. Bb1 {[%emt 0:05:40]} Nd7 {[%emt 0:06:25]} 20. b4 {[%emt 0:05:46]} Nd6 {[%emt 0:06:34]} 21. b5 {[%emt 0:01:26]} Nxe5 {[%emt 0:01:08]} 22. dxe5 {[%emt 0:00:07]} Nc4 {[%emt 0:00:12]} 23. Nxc4 {[%emt 0:00:27]} dxc4 {[%emt 0:00:24]} 24. a4 {[%emt 0:00:32]} Qg5 {[%emt 0:06:32]} 25. Qg4 {[%emt 0:09:41]} Qxg4 {[%emt 0:02:19]} 26. hxg4 {[%emt 0:00:05]} Rfd8 {[%emt 0:00:08]} 27. Ba3 {[%emt 0:02:31]} Rd2 {[%emt 0:00:30]} 28. Re3 {[%emt 0:03:52]} Rcd8 {[%emt 0:01:44]} 29. Rce1 {[%emt 0:00:35]} R8d7 {[%emt 0:02:30]} 30. Bc1 {[%emt 0:02:46]} Rd1 {[%emt 0:01:11]} 31. Bc2 {[%emt 0:00:16]} Rxe1+ {[%emt 0:01:50]} 32. Rxe1 {[%emt 0:00:04]} Bc7 {[%emt 0:00:46]} 33. f4 {[%emt 0:03:38]} Bd8 {[%emt 0:02:41]} 34. Be3 {[%emt 0:01:14]} Kf8 {[%emt 0:03:09]} 35. Kf2 {[%emt 0:01:21]} Ke8 {[%emt 0:01:14]} 36. Rd1 {[%emt 0:04:22]} Rxd1 {[%emt 0:02:33]} 37. Bxd1 {[%emt 0:00:04]} Be4 {[%emt 0:00:42]} 38. Bd4 {[%emt 0:04:19]} Kd7 {[%emt 0:01:11]} 39. g3 {[%emt 0:00:10]} Kc7 {[%emt 0:00:47]} 40. Ke3 {[%emt 0:00:07]} Bb1 {[%emt 0:01:14]} 41. Be2 {[%emt 0:32:25]} Ba2 {[%emt 0:33:23]} 42. Kd2 {[%emt 0:01:06]} Be7 {[%emt 0:00:43]} 43. Bd1 {[%emt 0:00:17]} Ba3 {[%emt 0:01:51]} 44. Bc2 {[%emt 0:01:44]} Be7 {[%emt 0:01:10]} 45. f5 {[%emt 0:04:38]} (45. Bh7 $14) 45... Ba3 {[%emt 0:03:42]} 46. Be3 {[%emt 0:02:19]} Bf8 {[%emt 0:01:29] [#]} 47. Bf4 {[%emt 0:01:09]} (47. f6 $1 $16) 47... Kd7 {[%emt 0:01:18] [#]} (47... Bb3 $14) 48. Ke3 $2 {[%emt 0:02:18]} ({Der einzige Zug:} 48. f6 $1 $18) 48... Ba3 {[%emt 0:01:20]} 49. Ke2 {[%emt 0:01:51]} Bf8 {[%emt 0:00:29]} 50. Bc1 {[%emt 0:00:18]} Kc7 {[%emt 0:00:29]} 51. Kf3 {[%emt 0:01:15]} Bc5 {[%emt 0:00:49]} 52. Kf4 {[%emt 0:01:38]} Be7 {[%emt 0:00:25]} 53. Ke4 {[%emt 0:01:17]} Bc5 {[%emt 0:00:41]} 54. Bf4 {[%emt 0:00:43]} Bf8 {[%emt 0:00:58]} 55. g5 {[%emt 0:01:20]} hxg5 {[%emt 0:01:37]} 56. Bxg5 {[%emt 0:00:26]} Ba3 {[%emt 0:00:35]} 57. g4 {[%emt 0:01:17]} Bb2 {[%emt 0:02:56]} 58. Bd2 {[%emt 0:00:34]} Ba3 {[%emt 0:01:11]} 59. Ke3 {[%emt 0:01:56]} Be7 {[%emt 0:00:46]} ({Black should try} 59... Bc5+ $11 60. Ke2 Bb3) 60. Ke2 {[%emt 0:00:05]} Bh4 {[%emt 0:01:12]} 61. Bf4 {[%emt 0:01:22]} Kd7 {[%emt 0:01:35]} 62. Kd2 {[%emt 0:00:40]} Be7 {[%emt 0:00:30]} (62... exf5 $1 $14 63. gxf5 (63. Bxf5+ Kd8 $11) 63... Be7) 63. g5 {[%emt 0:00:29]} exf5 {[%emt 0:01:04]} 64. Bxf5+ {[%emt 0:00:04]} Ke8 {[%emt 0:00:03]} 65. Be3 {[%emt 0:00:42]} Bd8 {[%emt 0:00:19] [#]} (65... Bb3 $11 {bleibt in der Remisbreite.}) 66. g6 {[%emt 0:03:21]} (66. Bc2 $1 $16) 66... fxg6 {[%emt 0:01:05]} 67. Bxg6+ {[%emt 0:00:08]} Kd7 $1 {[%emt 0:00:04]} 68. Bf5+ {[%emt 0:00:28]} Kc7 $1 {[%emt 0:00:20]} 69. Bf4 {[%emt 0:00:51]} Be7 {[%emt 0:00:26]} 70. e6+ {[%emt 0:00:23]} Kd8 {[%emt 0:00:10]} 71. Be3 {[%emt 0:00:14]} Kc7 {[%emt 0:00:05]} 72. Bd4 {[%emt 0:00:08]} Bb3 {[%emt 0:01:00]} 73. Bc2 {[%emt 0:02:00]} Bxc2 {[%emt 0:01:36]} 74. Kxc2 {[%emt 0:00:04]} Bd8 $2 {[%emt 0:00:20]} (74... Bf6 $11 75. e7 Bxe7) 75. Be5+ {[%emt 0:00:35]} Kc8 {[%emt 0:00:07]} 76. Bxg7 {[%emt 0:00:10]} Be7 {[%emt 0:00:47]} 77. Kd2 {[%emt 0:01:06]} Kd8 {[%emt 0:00:27]} 78. Bd4 {[%emt 0:00:26]} Kc7 {[%emt 0:00:16]} 79. Ke2 {[%emt 0:00:18]} Bd8 {[%emt 0:01:03]} 80. Be5+ {[%emt 0:00:09]} Kc8 {[%emt 0:00:03]} 81. Kf3 {[%emt 0:00:06]} Be7 {[%emt 0:00:53]} 82. Ke4 {[%emt 0:00:05]} Kd8 {[%emt 0:00:21]} 83. Kd5 {[%emt 0:00:06]} Ke8 {[%emt 0:00:09]} 84. Kxc4 {[%emt 0:00:05]} Bc5 {[%emt 0:00:45]} 85. Bf6 {[%emt 0:00:10]} Bd6 {[%emt 0:00:57]} 86. Kd5 {[%emt 0:00:07]} Bg3 {[%emt 0:00:26]} 87. Ke4 1-0

[Event "83rd ESP-ch Women-ch 2018"]
[Site "Linares"]
[Date "2018.08.28"]
[Round "9"]
[White "Serrano Garcia, Luis"]
[Black "Samuel Lares, Jairo"]
[Result "0-1"]
[WhiteElo "1915"]
[BlackElo "2006"]
[Annotator "NA RC"]
[PlyCount "56"]
[EventDate "2018.08.09"]
[EventType "tourn"]
[EventCountry "ESP"]
[SourceTitle "playchess.com"]
[Source "ChessBase"]
[SourceQuality "1"]
[TimeControl "40/5400+30:1800+30"]

{[%evp 15,55,30,39,31,38,39,91,60,74,32767,197,191,217,32767,172,150,222,254,242,252,266,143,32767,32767,32767,32767,32767,32767,32767,32767,32767,32767,32767,32767,32767,32767,32767,32767,32767,32767,-512,-735]} 1. e4 {[%emt 0:00:00]} c5 {[%emt 0:03:09]} 2. Nc3 {[%emt 0:00:37]} Nc6 {[%emt 0:00:07]} 3. Bb5 {[%emt 0:00:49]} Nd4 {[%emt 0:00:03]} 4. Bc4 {[%emt 0:00:10]} g6 {[%emt 0:00:07]} 5. Nf3 {[%emt 0:01:15]} Bg7 {[%emt 0:00:05]} 6. Nxd4 {[%emt 0:00:23]} cxd4 {[%emt 0:00:03]} 7. Qf3 {[%emt 0:01:00]} Nh6 {[%emt 0:02:44]} 8. d3 {[%emt 0:02:52]} O-O {[%emt 0:03:25]} 9. Ne2 {[%emt 0:03:08]} Ng4 {[%emt 0:03:03] B23: Closed Sicilian: Lines without g3} 10. Bb3 {[%emt 0:17:11]} ({Much weaker is} 10. Qxg4 d5 $15) 10... Ne5 {[%emt 0:02:01]} (10... d6 $11 11. Qg3 Qa5+ 12. Bd2 Qe5 13. Nf4 Nf6 14. h4 Nh5 15. Nxh5 Qxh5 16. Bg5 Be5 17. f4 {1-0 (30) Martinez Duany,L (2509)-Kurayan,R (2374) Rochefort 2018}) 11. Qg3 {[%emt 0:00:34]} Nc6 {[%emt 0:05:15] LiveBook: 10 Games} 12. h4 {[%emt 0:02:31]} e6 {[%emt 0:07:01] [#]} (12... Na5 $16 {keeps fighting.}) 13. h5 $1 {[%emt 0:05:41]} Qe7 {[%emt 0:05:30]} 14. hxg6 $146 {[%emt 0:01:43]} ({Predecessor:} 14. Bf4 Re8 15. Qh2 g5 16. h6 Bf6 17. Qg3 Kh8 18. Bd6 Qd8 19. Bc7 Qe7 20. e5 Qb4+ 21. c3 {1-0 (21) Daulyte,D (2378)-Moskow,E (2127) Auckland 2016}) 14... fxg6 {[%emt 0:01:23]} 15. Bg5 {[%emt 0:06:10]} Qf7 {[%emt 0:13:55]} 16. Qh4 {[%emt 0:05:53]} Bh8 {[%emt 0:10:09]} 17. Rh3 {[%emt 0:10:30]} Na5 {[%emt 0:12:28]} 18. Bh6 {[%emt 0:16:19]} ({Better is} 18. f4 $18) 18... Bf6 {[%emt 0:06:09]} 19. Qf4 {[%emt 0:06:45]} Nxb3 {[%emt 0:02:24]} 20. axb3 {[%emt 0:00:23]} e5 {[%emt 0:00:40]} 21. Qh2 {[%emt 0:02:47]} d5 {[%emt 0:07:50]} 22. Bxf8 {[%emt 0:03:53]} Bxh3 {[%emt 0:00:12]} 23. Bh6 {[%emt 0:03:06]} Be6 {[%emt 0:01:41]} 24. f3 {[%emt 0:02:06]} a6 {[%emt 0:01:29]} 25. O-O-O {[%emt 0:02:21]} Rc8 {[%emt 0:04:43]} 26. g4 {[%emt 0:00:52]} dxe4 {[%emt 0:01:06]} 27. fxe4 {[%emt 0:01:51]} Bxb3 {[%emt 0:00:34]} 28. Rd2 $19 {[%emt 0:01:19]} Bg5 {[%emt 0:02:21]} 0-1